Hogares y remesas en dos estados de migración internacional: Hidalgo y Nayarit /

El objetivo de este trabajo fue observar la relación entre tamaño y tipo del hogar y recepción de remesas provenientes de Estados Unidos en hogares de migrantes y no migrantes de los estados de Nayarit e Hidalgo México

Guardado en:
Bibliografiske detaljer
Hovedforfatter: Huerta Rodrígez, Liliana
Andre forfattere: Vega Biones, Germán
Format: Texto
Fag:
Tags: Tilføj Tag
Ingen Tags, Vær først til at tagge denne postø!

MARC

LEADER 00000 a a2200000 04500
001 11673
003
040
100 |a Huerta Rodrígez, Liliana  
245 |a Hogares y remesas en dos estados de migración internacional:   |b Hidalgo y Nayarit /  |c Liliana Huerta Rodrígez ; Germán Vega Biones 
520 |a El objetivo de este trabajo fue observar la relación entre tamaño y tipo del hogar y recepción de remesas provenientes de Estados Unidos en hogares de migrantes y no migrantes de los estados de Nayarit e Hidalgo México  
650 |a REMESAS  
650 |a MIGRACION INTERNACIONAL  
650 |a COMPOSICION FAMILIAR  
650 |a MEXICO  
700 |a Vega Biones, Germán  
773 |g volumen 14, número 56; páginas 67-111  
999 |c 34349  |d 34349